Cannaceae (Registro nro. 2967)

Detalles MARC
000 -CABECERA
Campo de control 00729nam a2200265 a 4500
005 - FECHA Y HORA DE LA ULTIMA TRANSACCION
Campo de control 20180803165043.0
008 - ELEMENTOS DE LONGITUD FIJA—INFORMACION GENERAL
Campo de control 140307b1988 ec ||||| |||| 00| 0 eng d
041 ## - IDIOMA
Código de idioma para texto/pista de sonido o título separado Inglés
044 ## - PAÍS DE PUBLICACIÓN
País de publicación Ecuador
090 ## - CLASIFICACIÓN LOCAL
Colección LB
Consecutivo 02738
100 ## - ASIENTO PRINCIPAL--NOMBRE PERSONAL
Nombre personal Paul, J. M.
245 ## - MENCION DE TITULO
Título Cannaceae
260 ## - PUBLICACION, DISTRIBUCION, ETC. (PIE DE IMPRENTA)
Lugar de publicación, distribución, etc. Quito
Nombre del editor, distribuidor, etc. Institute of Systematic Botany
-- University of Utrecht
Fecha de publicación, distribución, etc. 1988
300 ## - DESCRIPCION FISICA
Extensión 192 p.
650 ## - ASIENTO SECUNDARIO DE MATERIA - TERMINO TEMATICO
Término temático o nombre geográfico como elemento de entrada Flora
650 ## - ASIENTO SECUNDARIO DE MATERIA - TERMINO TEMATICO
Término temático o nombre geográfico como elemento de entrada Plantas
650 ## - ASIENTO SECUNDARIO DE MATERIA - TERMINO TEMATICO
Término temático o nombre geográfico como elemento de entrada Taxonomía vegetal
650 ## - ASIENTO SECUNDARIO DE MATERIA - TERMINO TEMATICO
Término temático o nombre geográfico como elemento de entrada Claves taxonómicas
650 ## - ASIENTO SECUNDARIO DE MATERIA - TERMINO TEMATICO
Término temático o nombre geográfico como elemento de entrada Identificación de especies
662 ## - ASIENTO SECUNDARIO DE MATERIA - JERARQUIA DEL NOMBRE DE LUGAR(
País o entidad mayor Ecuador
700 ## - ASIENTO SECUNDARIO - NOMBRE PERSONAL
Nombre personal Maas, Hiltje
700 ## - ASIENTO SECUNDARIO - NOMBRE PERSONAL
Nombre personal Harling, Gunnar
700 ## - ASIENTO SECUNDARIO - NOMBRE PERSONAL
Nombre personal Andersson, Lennart
942 ## - ELEMENTOS ADICIONALES (KOHA)
Tipo de ítem Impreso
Sistema de clasificación Local
Existencias
Withdrawn status Lost status Sistema de Clasificación Damaged status No para préstamo Colección Inventariado Ubicación Permanente Ubicación actual Fecha de adquisición Fuente de Valor Valor Total Checkouts Número topográfico Inventario / Código de Barras Date last seen Ejemplar Price effective from Forma de adquisición Tipo de material
    Local     Botánica Inventariado 2017 Villa de Leyva Villa de Leyva 06/11/2002 Instituto 50000.00   LB-02738 003727 04/12/2012 Ej. 1 04/12/2012   Libro